Крупнейшие города Российской империи - Statistics

General Stats
  • This quiz has been taken 488 times
  • The average score is 25 of 54
Answer Stats
Население Город % Correct
1 038 591 Москва
100%
1 264 920 Санкт-Петербург
96%
247 723 Киев
86%
90 912 Минск
78%
683 692 Варшава
72%
282 230 Рига
71%
154 532 Вильна
69%
129 959 Казань
69%
65 606 Екатеринодар
66%
90 053 Нижний Новгород
65%
64 572 Ревель
65%
403 810 Одесса
64%
173 989 Харьков
64%
119 476 Ростов-на-Дону
64%
55 186 Царицын
63%
53 595 Севастополь
62%
159 590 Тифлис
59%
89 999 Самара
59%
111 904 Баку
57%
80 599 Воронеж
57%
137 147 Саратов
53%
114 733 Тула
53%
53 544 Тверь
52%
155 673 Ташкент
50%
112 839 Екатеринослав
50%
112 880 Астрахань
49%
71 616 Ярославль
48%
75 721 Курск
46%
72 425 Оренбург
45%
59 076 Херсон
41%
69 735 Орёл
39%
92 012 Николаев
38%
51 473 Иркутск
37%
52 210 Томск
36%
59 981 Пенза
35%
65 871 Витебск
34%
108 483 Кишинёв
33%
54 208 Иваново-Вознесенск
33%
70 920 Ковно
30%
65 895 Житомир
29%
53 703 Полтава
29%
314 020 Лодзь
28%
55 128 Самарканд
25%
51 437 Таганрог
22%
66 032 Белосток
19%
61 488 Елисаветград
17%
50 385 Люблин
17%
69 675 Двинск
16%
59 525 Кронштадт
12%
51 963 Новочеркасск
12%
81 354 Коканд
11%
63 007 Кременчуг
11%
53 351 Бердичев
9%
62 017 Наманган
8%
No matching quizzes found
Score Distribution
Percent of People with Each Score
Percentile by Number Answered
Your Score History
You have not taken this quiz